| 000 | 00580nam a22001817a 4500 | ||
|---|---|---|---|
| 003 | OSt | ||
| 005 | 20260612111135.0 | ||
| 008 | 260612b |||||||| |||| 00| 0 eng d | ||
| 020 | _a978-1-4129-4183-9 | ||
| 040 | _cChuka University Library | ||
| 050 | _aLB 1027.5 .H6 2007 | ||
| 100 |
_aHolcomb-McCoy Cheryl _928772 |
||
| 245 | _aSchool Counseling to Close the Achievement Gap: A Social Justice Framework for sucess | ||
| 260 |
_aUSA _bCorwin Press _c2007 |
||
| 300 |
_axii, 159P _bIllustrations, Preface and Index |
||
| 650 |
_aAcademic Achievement _922117 |
||
| 942 |
_2lcc _cBK _n0 |
||
| 999 |
_c24082 _d24082 |
||